Library Banner

Advances in multirate systems / (Record no. 110872)

MARC details
000 -LEADER
fixed length control field 00420nam a22001575i 4500
001 - CONTROL NUMBER
control field 19791813
005 - DATE AND TIME OF LATEST TRANSACTION
control field 20190221102507.0
008 - FIXED-LENGTH DATA ELEMENTS--GENERAL INFORMATION
fixed length control field 170718s2017 nyu 000 0 eng
020 ## - INTERNATIONAL STANDARD BOOK NUMBER
International Standard Book Number 9783319592732
040 ## - CATALOGING SOURCE
Transcribing agency PK-LaUMT
082 ## - DEWEY DECIMAL CLASSIFICATION NUMBER
Classification number 621.3815
Item number ADV-
245 00 - TITLE STATEMENT
Title Advances in multirate systems /
Statement of responsibility, etc edited by Gordana Jovanovic Dolecek
260 ## - PUBLICATION, DISTRIBUTION, ETC. (IMPRINT)
Place of publication, distribution, etc Switzerland :
Name of publisher, distributor, etc Springer,
Date of publication, distribution, etc 2018
300 ## - PHYSICAL DESCRIPTION
Extent 221 p.
942 ## - ADDED ENTRY ELEMENTS (KOHA)
Koha item type Books
Holdings
Withdrawn status Lost status Damaged status Home library Current library Date acquired Full call number Barcode Date last seen Price effective from Koha item type
      UMT Main Campus UMT Main Campus 2019-02-21 621.3815 ADV- 127911 2019-08-28 2019-02-21 Books